000 00860 a2200229 4500
999 _c10465
_d10465
020 _a9781138901223
050 _aHM846. GRA 2017
100 _aSmith, Adrian,
_d1966-
_eauthor
245 _aGrassroots innovation movements /
_cAdrian Smith, Mariano Fressoli, Dinesh Abrol, Elisa Arond and Adrian Ely.
264 _aAbingdon, Oxon ; New York, NY :
_bRoutledge,
_c ♭2017
300 _a1 online resource (xv, 224 pages)
440 _aPathways to sustainability series.
500 _aIncludes index
650 _aTechnological innovations
_x Social aspects -- Case studies. .
650 _aSocial movements
_x Case studies
650 _a Environmentalism
_xCase studies.
700 _aFressoli, Mariano
_eauthor
700 _aAbrol, Dinesh
_eauthor
700 _aArond, Elisa
_eauthor
700 _aEly, Adrian
_eauthor
942 _2lcc
_cBK
_h846
_iGRA
_kHM